Statystyki dla Quiz o geografii (łatwy)

Kliknij tutaj aby rozwiązać quiz!

Ogólne statystyki

  • Ten quiz został rozwiązany 20 razy
  • Średni wynik to 18 z 21

Statystyki odpowiedzi

HintOdpowiedź% Poprawnych
Jakie jest najzimniejsze miejsce na Ziemi?Antarktyda
100%
Kiedy Polska dołączyła do UE?2004
93%
ile jest państw w Europie?46
93%
Największy budynek świata?Burdż Chalifa
93%
Jest w wewnątrz ziemi?Jądro Ziemi
93%
ile jest oceanów na Ziemii?5
86%
Stolica Turcji?Ankara
86%
Największy kontynent na Ziemii?Azja
86%
W którym stanie USA można znaleźć najwyższe drzewa na świecie?Kalifornia
86%
Na tym półwyspie leży Hiszpania?Liberyjski
86%
2 miasto co do wielkości we Francji?Marsylia
86%
Największe morze na świecie?Morze Karaibskie
86%
Najmniejsze państwo na świecie?Watykan
86%
W tym państwie są m.in SzkocjaWielka Brytania
86%
Najdłuższa rzeka Europy?Wołga
86%
Największe miasto województwa Dolnośląskiego?Wrocław
86%
Jak nazywa się rzeka płynąca przez brazylijski las deszczowy?Amazonka
79%
Stolica tego państwa to Ułan Bator?Mongolia
79%
Państwo na Południe od Włoch? (wyspa)Malta
71%
Na fladze tego państwa pisze Libertas?San Marino
64%
Gdzie znajduje się największy wulkan na Ziemi? (Państwo)Japonia
50%

Rozkład punktacji

Percentyl według liczby udzielonych odpowiedzi

Procent ludzi z każdym wynikiem

Twoja historia wyników

Nie rozwiązałeś tego quizu